000 01094nam a2200301 a 4500
001 BRL_1485
005 20190320211230.0
008 240114s1984----mx-ao#####---#000-0#spa-#
020 _a9688220523
041 _aspa
044 _amx
050 4 _aF1221.T3
_bE718 1984
100 1 _aBrody Esser, Janet
_923520
245 1 0 _aMáscaras ceremoniales de los tarascos de la Sierra de Michoacán
_cJanet Brody Esser ; traducción Martha Hernández Laris.
260 _aMéxico
_bInstituto Nacional Indigenista
_c1984
300 _a259 p.
_bil., fotografías (blanco y negro), mapas
_c22 cm.
440 0 _aSerie de artes y tradiciones populares
_v2
_927065
500 _aAu1731
500 _aIncluye dedicatoria a Ruth Lechuga
500 _aTraducción de: Winter ceremonial masks of the Tarascan Sierra, Michoacan, Mexico.
504 _aBibliografía: p. 247-257
650 1 4 _aTarascos
_xMáscaras
_927066
650 1 4 _aTarascos
_xRitos y ceremonias
_925465
650 1 4 _aMáscaras
_zMichoacán
_927067
700 1 _aHernández Laris, Martha
_etr.
_927068
902 _aGRL
942 _2lcc
_cB
999 _c10295
_d10295